Normal view
MARC view
Entry Personal Name
001 - CONTROL NUMBER
- control field: 776336
003 - CONTROL NUMBER IDENTIFIER
- control field: OSt
005 - DATE AND TIME OF LATEST TRANSACTION
- control field: 20250508163801.0
008 - FIXED-LENGTH DATA ELEMENTS
- fixed length control field: 250508|| aca||aabn | a|a d
040 ## - CATALOGING SOURCE
- Original cataloging agency: OSt
- Transcribing agency: OSt
100 ## - HEADING--PERSONAL NAME
- Personal name: Simpson Douglas J
670 ## - SOURCE DATA FOUND
- Source citation: Work cat.: (OSt)1385225: Myers Charles B. 313523, Re-creating schools : Places where everyone learns and likes it, 1998
